| 000 | 00528nam a2200169Ia 4500 | ||
|---|---|---|---|
| 008 | 170510s9999 xx 000 0 und d | ||
| 100 | _aMelva M. Diamante | ||
| 245 | 4 | _aThe antecedents of employee engagement in educational institutions | |
| 245 | _cMelva M. Diamante, Jocelyn P. Tizon, Josellie E. Opao. | ||
| 260 | _c2016 | ||
| 300 | _apages 1-18,December | ||
| 440 |
_aSGEN Research Review _v5:1 |
||
| 650 | _aAntecedent | ||
| 650 | _aCareer development | ||
| 650 | _aEmployee engagement | ||
| 650 | _aWork environment | ||
| 999 |
_c329880 _d329880 |
||